000 00492nam a2200181Ia 4500
001 25130
005 20260414151129.0
008 260414t1988||||xx |||||||||||||| ||spa||
041 _aESP
082 _a346.2
_bC78 T. 2 1988
100 _aCornejo Chávez, Hector
_eAUT
245 0 _aDerecho familiar peruano :
_bsociedad paterno filial: amparo familiar del incapaz
260 _c1988
300 _a 000 páginas :
_c23 cm.
650 _aDER
654 _aCDE
942 _cLIB
_dJUS
_fJUS
_2ddc
_n
999 _c25130
_d25130